India's national finance since 1921 (Record no. 371057)

000 -LEADER
fixed length control field 00426cam a22001337a 4500
008 - FIXED-LENGTH DATA ELEMENTS--GENERAL INFORMATION
fixed length control field 180718b1932 xxu||||| |||| 00| 0 eng d
082 ## - DEWEY DECIMAL CLASSIFICATION NUMBER
Classification number Lx54 K124
100 ## - MAIN ENTRY--PERSONAL NAME
Personal name Kale, V.G.
245 ## - TITLE STATEMENT
Title India's national finance since 1921
Statement of responsibility, etc. by V.G. Kale
260 ## - PUBLICATION, DISTRIBUTION, ETC.
Place of publication, distribution, etc. Delhi
Name of publisher, distributor, etc. Univ. of Delhi
Date of publication, distribution, etc. 1932
300 ## - PHYSICAL DESCRIPTION
Extent 114p.
500 ## - GENERAL NOTE
General note Sir Kikabhai Premchand REadership lectures delivered in 1932 at Delhi Univ.
650 ## - SUBJECT ADDED ENTRY--TOPICAL TERM
Topical term or geographic name entry element Finance, Public - India
Holdings
Withdrawn status Lost status Damaged status Not for loan Permanent Location Current Location Date acquired Full call number Barcode Date last seen Price effective from Koha item type
        Indian Institute of Public Administration Indian Institute of Public Administration 2010-01-15 Lx54 K124 A331 2018-07-21 2018-07-21 A

Powered by Koha